Statistiques concernant Langues romanes

Cliquez ici pour prendre le quiz!

Statistiques générales

  • Ce quiz a été pris 9 517 fois
  • Le résultat moyen est 5 sur 6

Statistiques - réponses

LocuteursLangue% Correct
75 millionFrançais
99%
405 millionEspagnol
98%
59 millionItalien
97%
215 millionPortugais
88%
24 millionRoumain
63%
4.1 millionCatalan
32%

Distribution des résultats

Percentile par nombre de réponses

% des personnes avec chaque résultat

Votre développement - résultats

Vous n’avez pas pris ce quiz